| 000 | 01224cam a22003255a 4500 | ||
|---|---|---|---|
| 001 | 17989734 | ||
| 005 | 20160720103552.0 | ||
| 008 | 140107t2014 enka fr 001 0 eng d | ||
| 010 | _a 2014930255 | ||
| 020 | _a9780199678211 | ||
| 040 |
_aDLC _beng _cDLC _dDLC _dEG-ScBUE |
||
| 043 | _ae-uk--- | ||
| 082 | 0 | 4 |
_a342.41 _bTHO _222 |
| 100 | 1 |
_aThompson, Brian, _d1955- _940354 |
|
| 245 | 1 | 0 |
_aCases & materials on constitutional & administrative law / _cBrian Thompson, Michael Gordon. |
| 246 | 3 | 0 | _aConstitutional & administrative law |
| 246 | 3 | _aCases and materials on constitutional and administrative law | |
| 250 | _a11th ed. | ||
| 260 |
_aOxford : _bOxford University Press, _cc.2014. |
||
| 300 |
_axl, 693 p. : _bill. ; _c25 cm. |
||
| 500 | _aIncludes index. | ||
| 500 | _aIncludesonline resource centre "www.oxfordtextbooks.com". | ||
| 650 | 0 |
_aAdministrative law _zGreat Britain _vCases. _2BUEsh |
|
| 650 | 0 |
_aConstitutional law _zGreat Britain _vCases. _2BUEsh |
|
| 651 | _2BUEsh | ||
| 653 |
_bLLAAWW _cJuly2016 |
||
| 700 | 1 |
_aGordon, Michael _q(Michael J.) _940355 |
|
| 700 | 1 |
_aAllen, M. J. _q(Michael John), _d1956- _tCases and materials on constitutional and administrative law. |
|
| 942 | _2ddc | ||
| 999 |
_c21981 _d21953 |
||